[Event "WALTON 40th BAN-ch U20 Girls 2022"]
[Site "Dhaka"]
[Date "2022.02.17"]
[Round "3.3"]
[White "Wadifa, Ahmed"]
[Black "Kazi Zarin, Tasnim"]
[Result "0-1"]
[WhiteElo "1786"]
[BlackElo "1801"]
[Annotator "NA RC"]
[PlyCount "62"]
[EventDate "2022.02.15"]
[EventType "swiss"]
[EventCountry "BAN"]
[SourceTitle "playchess.com"]
[Source "ChessBase"]
[SourceQuality "1"]
[TimeControl "5400+30"]

{[%evp 11,62,41,35,31,33,29,39,41,35,-35,6,-50,-8,-29,0,-70,-26,-16,-10,-22,-8,-15,0,0,-10,-98,-33,-61,0,-81,-75,-186,-97,-185,-163,-222,-233,-315,-311,-293,-283,-340,-366,-343,-351,-632,-648,-724,-808,-756,-827,-5818,-29988]} 1. e4 {[%emt 0:00:03]} e5 {[%emt 0:05:11]} 2. Nf3 {[%emt 0:00:07]} Nc6 {[%emt 0:00:05]} 3. Bb5 {[%emt 0:00:07]} a6 {[%emt 0:00:05]} 4. Ba4 {[%emt 0:00:07]} b5 {[%emt 0:00:04]} 5. Bb3 {[%emt 0:00:07]} Na5 {[%emt 0:00:04]} 6. Nxe5 {[%emt 0:12:13]} Nxb3 {[%emt 0:00:04]} 7. axb3 {[%emt 0:00:09]} Qe7 {[%emt 0:00:04] 7...Qg5 gains popularity.} 8. d4 {[%emt 0:03:17]} d6 {[%emt 0:00:09]} 9. Nf3 {[%emt 0:00:21]} ({But not} 9. Nc6 Qxe4+ 10. Qe2 Qxe2+ 11. Kxe2 Bb7 $15) 9... Qxe4+ {[%emt 0:00:02]} 10. Qe2 {[%emt 0:00:12]} (10. Be3 $1 $11) 10... Qxe2+ {[%emt 0:00:45]} 11. Kxe2 {[%emt 0:00:03] [#]} Bb7 $146 {[%emt 0:03:19]} ({Predecessor:} 11... Bg4 12. Re1 Kd7 13. Nbd2 g6 14. h3 Bxf3+ 15. Nxf3 h6 16. d5 Bg7 17. c3 Ne7 {½-½ (65) Pasca,M (1538)-Jancso,B (1303) Calimanesti 2014}) 12. Re1 {[%emt 0:01:40]} Kd7 {[%emt 0:05:44]} 13. Be3 {[%emt 0:08:13]} (13. c4 $11) 13... Ne7 {[%emt 0:04:41]} 14. c4 $1 {[%emt 0:02:18]} Nf5 {[%emt 0:04:15]} 15. g4 {[%emt 0:04:01]} Nh6 {[%emt 0:02:51]} (15... Nxe3 $15 16. fxe3 Be7) 16. h3 {[%emt 0:00:17]} f5 {[%emt 0:04:53]} 17. g5 $1 {[%emt 0:00:17]} ({Of course not} 17. Bxh6 fxg4 18. hxg4 gxh6 $17) 17... Nf7 {[%emt 0:00:29]} (17... Re8 $5 {[%cal Rh6f7]} 18. gxh6 f4 $11) 18. Nh4 {[%emt 0:16:10]} (18. d5 $1 $11) 18... g6 {[%emt 0:01:53]} (18... Re8 $17 19. f4 {[#]} Nxg5 $1 20. fxg5 f4) 19. Nc3 {[%emt 0:02:00]} c6 {[%emt 0:13:20]} (19... Re8 $15 20. Kd3 Bg7) 20. cxb5 {[%emt 0:04:14]} (20. c5 $11 {keeps the balance.}) 20... cxb5 {[%emt 0:01:12]} 21. Kd2 {[%emt 0:06:58] [#]} (21. f4 $1 $15) 21... Bg7 {[%emt 0:02:19]} (21... Be7 $1 $19 {[%cal Re7g5]} 22. f4 b4) 22. f3 {[%emt 0:05:56]} (22. Rg1 $17) 22... Nd8 {[%emt 0:02:23]} 23. Ke2 {[%emt 0:07:07]} (23. Ng2 $17) 23... Ne6 {[%emt 0:04:53]} 24. Red1 {[%emt 0:02:57]} Rhe8 {[%emt 0:00:38]} 25. Kf1 {[%emt 0:03:15]} f4 {[%emt 0:01:02]} 26. d5 {[%emt 0:04:49]} fxe3 {[%emt 0:04:26]} 27. dxe6+ {[%emt 0:00:13]} Rxe6 {[%emt 0:00:01]} 28. Rd3 $2 {[%emt 0:01:34]} (28. Ke2) 28... Rf8 {[%emt 0:02:59]} 29. Kg2 {[%emt 0:05:02]} Rf4 {[%emt 0:08:43]} 30. Kg3 {[%emt 0:05:32]} Be5 {[%emt 0:00:06]} 31. Rxe3 $19 {[%emt 0:00:15]} Rxf3+ {[%emt 0:00:10]} 0-1

[Event "WALTON 40th BAN-ch U20 Girls 2022"]
[Site "Dhaka"]
[Date "2022.02.17"]
[Round "3.4"]
[White "Tasnia Tarannum, Orpa"]
[Black "Jannatul, Ferdous"]
[Result "0-1"]
[WhiteElo "1678"]
[BlackElo "1852"]
[Annotator "NA RC"]
[PlyCount "91"]
[EventDate "2022.02.15"]
[EventType "swiss"]
[EventCountry "BAN"]
[SourceTitle "playchess.com"]
[Source "ChessBase"]
[SourceQuality "1"]
[TimeControl "5400+30"]

{[%evp 8,91,9,5,28,0,18,-29,-16,-28,-18,-61,-12,-97,-32,-35,-27,-30,-8,-2,-18,-64,-64,-131,-51,-48,-45,-72,-49,-63,-61,-67,-61,-403,-346,-327,-343,-549,-214,-287,-282,-272,-158,-175,-92,-119,-39,-137,-120,-177,-175,-187,-176,-191,-197,-216,-229,-269,-259,-239,-210,-225,0,-242,-264,-383,-270,-309,-233,-716,-737,-979,-1049,-897,-1011,-1417,-326,-313,-336,-604,-627,-496,-684,-683,-839,-1791]} 1. d4 {[%emt 0:00:10]} d5 {[%emt 0:00:24]} 2. Bf4 {[%emt 0:00:23]} Nf6 {[%emt 0:00:10]} 3. Nf3 {[%emt 0:00:38]} e6 {[%emt 0:00:15]} 4. e3 {[%emt 0:00:06]} Bd6 {[%emt 0:00:10]} 5. Nbd2 {[%emt 0:00:07]} c5 {[%emt 0:01:02]} 6. Bb5+ {[%emt 0:02:35]} Nc6 $1 {[%emt 0:01:12]} 7. Ne5 {[%emt 0:08:52]} (7. O-O $142) 7... Qc7 {[%emt 0:03:31]} (7... O-O $5 {[%cal Rc5d4]}) 8. c3 {[%emt 0:10:42]} O-O {[%emt 0:02:05]} 9. Ndf3 {[%emt 0:01:38]} (9. Ng4 $11 Nxg4 10. Bxd6 Qxd6 11. Qxg4) 9... Ne4 {[%emt 0:15:36]} (9... Nh5 $15 {feels stronger.}) 10. Qe2 {[%emt 0:19:48]} (10. Nxc6 $15 Bxf4 11. Ne7+ Qxe7 12. exf4) 10... c4 {[%emt 0:04:31]} (10... cxd4 $17 11. cxd4 Qa5+ 12. Kf1 Nb4) 11. Nxc6 {[%emt 0:09:59]} bxc6 {[%emt 0:02:37]} 12. Bxd6 {[%emt 0:01:28]} Qxd6 {[%emt 0:00:57]} 13. Ba4 {[%emt 0:00:15]} Rb8 {[%emt 0:21:46]} 14. Ne5 {[%emt 0:05:28]} (14. O-O $11) 14... f6 $1 {[%emt 0:06:09]} 15. Nf3 {[%emt 0:08:13]} (15. Nxc6 $142 Rb6 16. f3) 15... Bd7 {[%emt 0:01:26]} ({Black should play} 15... e5 $17 16. Qc2 c5) 16. O-O {[%emt 0:04:57]} Rb6 {[%emt 0:02:13]} 17. Rac1 {[%emt 0:05:30]} Rfb8 {[%emt 0:01:54]} 18. b3 {[%emt 0:01:55]} Qa3 {[%emt 0:12:15]} 19. Rc2 {[%emt 0:07:28]} Bc8 {[%emt 0:05:06]} 20. Rb1 $2 {[%emt 0:01:44]} (20. Rfc1 $15) 20... Ba6 {[%emt 0:00:50]} 21. Qe1 {[%emt 0:00:27]} cxb3 {[%emt 0:04:43]} 22. axb3 $2 {[%emt 0:08:22] [#]} (22. Bxb3 Bd3 23. Qc1 Qxc1+ 24. Rbxc1) 22... Bd3 $2 {[%emt 0:00:11]} (22... Qxa4 $3 {[%mdl 512]} 23. bxa4 Rxb1) 23. Rbc1 {[%emt 0:00:42]} Bxc2 {[%emt 0:00:44]} 24. Rxc2 {[%emt 0:00:02]} Qe7 {[%emt 0:06:38]} ({Better is} 24... Rxb3 $19 25. Bxb3 Qxb3) 25. Rc1 {[%emt 0:00:58]} e5 {[%emt 0:02:00]} (25... c5 $19 26. h3 cxd4 27. exd4 a5) 26. Qd1 {[%emt 0:00:17]} Nd6 {[%emt 0:00:30]} (26... Rd8 $17 27. c4 dxc4) 27. Ne1 {[%emt 0:00:43]} (27. dxe5 $11 Nf7 28. exf6 Qxf6 29. c4) 27... e4 {[%emt 0:00:38]} 28. Ra1 {[%emt 0:00:31]} (28. c4 $17 {was called for.} Nf5 29. cxd5 cxd5 30. Rc5) 28... a5 {[%emt 0:00:57]} 29. Qc2 {[%emt 0:00:27]} f5 {[%emt 0:00:38]} 30. Qa2 {[%emt 0:00:28]} g5 {[%emt 0:00:42]} 31. Qc2 {[%emt 0:00:34]} f4 {[%emt 0:00:04]} 32. Rb1 {[%emt 0:00:21]} Kh8 {[%emt 0:02:29]} 33. Qe2 {[%emt 0:00:20]} Nb5 {[%emt 0:01:36]} 34. Rc1 {[%emt 0:00:49]} Nd6 $2 {[%emt 0:00:17]} (34... Rf8 $19 35. c4 Nc7) 35. Rb1 $1 {[%emt 0:00:10]} Qf6 {[%emt 0:00:43]} 36. Qd2 {[%emt 0:00:46]} (36. Rc1 {was called for.}) 36... Rg8 {[%emt 0:00:51]} 37. Qd1 {[%emt 0:00:34]} g4 {[%emt 0:00:15]} 38. Rb2 $2 {[%emt 0:00:31]} (38. exf4 Qxf4 39. Nc2) 38... fxe3 {[%emt 0:00:27]} 39. fxe3 {[%emt 0:00:28]} Rf8 {[%emt 0:00:36]} 40. Qe2 {[%emt 0:00:21]} Nf5 {[%emt 0:00:36]} 41. Nc2 {[%emt 0:00:15]} Ne7 $2 {[%emt 0:00:37]} (41... g3 42. h3 Nh4) 42. Rb1 {[%emt 0:00:13]} Qg5 {[%emt 0:00:33]} 43. b4 {[%emt 0:00:56]} (43. Rf1 $142 Rbb8 44. Rxf8+ Rxf8 45. Qe1) 43... axb4 {[%emt 0:00:20]} 44. cxb4 {[%emt 0:00:20]} g3 {[%emt 0:00:37]} 45. h3 {[%emt 0:00:58]} Rf2 {[%emt 0:00:13]} 46. Qd1 $19 {[%emt 0:01:01]} 0-1

[Event "WALTON 40th BAN-ch U20 Girls 2022"]
[Site "Dhaka"]
[Date "2022.02.17"]
[Round "3.5"]
[White "Omnia Binta Yusuf, Lubaba"]
[Black "Tasfia, Tahsin Prima"]
[Result "1-0"]
[WhiteElo "1578"]
[BlackElo "1423"]
[Annotator "NA RC"]
[PlyCount "45"]
[EventDate "2022.02.15"]
[EventType "swiss"]
[EventCountry "BAN"]
[SourceTitle "playchess.com"]
[Source "ChessBase"]
[SourceQuality "1"]
[TimeControl "5400+30"]

1. e4 {[%emt 0:00:11]} e5 {[%emt 0:00:22]} 2. Nf3 {[%emt 0:00:11]} Nc6 {[%emt 0:00:20]} 3. Bb5 {[%emt 0:00:13]} Bc5 {[%emt 0:00:33]} 4. c3 {[%emt 0:00:43]} Nge7 {[%emt 0:01:29]} 5. O-O {[%emt 0:01:04]} d5 {[%emt 0:02:33]} 6. Nxe5 {[%emt 0:07:37]} O-O {[%emt 0:07:35]} 7. Bxc6 {[%emt 0:05:50]} Nxc6 {[%emt 0:03:10]} 8. Nxc6 {[%emt 0:00:24]} bxc6 {[%emt 0:00:26]} 9. d4 {[%emt 0:00:05]} Bb6 {[%emt 0:02:00]} 10. exd5 {[%emt 0:01:32]} cxd5 {[%emt 0:01:17]} 11. Qf3 {[%emt 0:04:18]} f5 {[%emt 0:08:48]} 12. Bf4 {[%emt 0:03:48]} c6 {[%emt 0:12:44]} 13. Qg3 {[%emt 0:05:23]} Rf7 {[%emt 0:14:58]} 14. Nd2 {[%emt 0:04:21]} Bc7 {[%emt 0:03:23]} 15. Bxc7 {[%emt 0:01:01]} Rxc7 {[%emt 0:03:50]} 16. Nf3 {[%emt 0:03:11]} a5 {[%emt 0:07:58]} 17. Rfe1 {[%emt 0:03:04]} Bd7 {[%emt 0:04:26]} 18. Qd6 {[%emt 0:04:33]} Qc8 {[%emt 0:07:22]} 19. Re7 {[%emt 0:03:35]} Raa7 {[%emt 0:05:30]} 20. Rae1 {[%emt 0:02:46]} c5 {[%emt 0:03:27]} 21. Rxg7+ {[%emt 0:01:33]} Kxg7 {[%emt 0:00:57]} 22. Re7+ {[%emt 0:00:05]} Kg8 {[%emt 0:00:45]} 23. Qh6 {[%emt 0:46:32]} 1-0

[Event "WALTON 40th BAN-ch U20 Girls 2022"]
[Site "Dhaka"]
[Date "2022.02.18"]
[Round "4.1"]
[White "Kazi Zarin, Tasnim"]
[Black "Ahmed, Walijah"]
[Result "0-1"]
[WhiteElo "1801"]
[BlackElo "1953"]
[Annotator "TA"]
[PlyCount "90"]
[EventDate "2022.02.15"]
[EventType "swiss"]
[EventCountry "BAN"]
[SourceTitle "playchess.com"]
[Source "ChessBase"]
[SourceQuality "1"]

{[%evp 9,90,40,58,25,27,8,22,0,6,0,2,0,11,-16,-11,-16,-11,-34,-40,-61,-36,-61,-63,-106,-49,-43,-46,-125,-102,-158,-92,-90,-75,-116,-73,-78,-37,-32,-23,-34,-20,-66,-6,-33,-18,-18,-17,-18,-6,-8,-20,-45,-15,-31,0,0,0,-25,-31,-13,0,0,0,0,0,-25,-25,-82,-81,-82,-82,-89,-6,-27,-29,-214,-203,-29978,-29979,-29979,-29979,-5428,-5406]} 1. e4 a6 2. Nf3 b5 3. a4 Bb7 4. axb5 axb5 5. Rxa8 Bxa8 6. Bxb5 {Strongly threatening d3. B00: Queen's Fianchetto Defence, Nimzowitsch Defence.} Bxe4 {[#]} 7. Nc3 $146 ({Predecessor:} 7. O-O e6 8. Re1 Bb7 9. d4 Nf6 10. Bg5 Be7 11. c4 O-O 12. Nc3 h6 13. Bf4 {½-½ (133) Navalgund,N (2289)-Awatramani,J (2213) Chess.com INT 2020}) 7... Bc6 8. Be2 {The position is equal.} Nf6 9. O-O e6 10. Re1 Bb4 11. d3 O-O 12. Bd2 d6 13. d4 Nbd7 14. Bd3 Qa8 15. Qe2 h6 (15... Qb7 {is interesting.} 16. h3 Ra8 17. Rb1 h6 18. Qd1 e5) 16. Nb1 (16. Rc1 $15) 16... Bxd2 ({Black should try} 16... Bxf3 $17 17. Qxf3 Qxf3 18. gxf3 Bxd2 19. Nxd2 Rb8) 17. Nbxd2 $15 Qb7 18. Nc4 (18. Rb1 $15) 18... Ra8 19. c3 ({White should play} 19. Rb1) 19... Nd5 (19... Nh5 $142 $1 20. Qe3 Ndf6) 20. Qd2 $17 N5b6 21. Qe2 (21. Nxb6 $142 Nxb6 22. Nh4) 21... Nf6 (21... Nxc4 $142 22. Bxc4 Nf6) 22. Nxb6 Qxb6 ({Better is} 22... Bxf3 $17 23. Qxf3 Qxf3 24. gxf3 cxb6) 23. Rb1 $15 Ra2 24. Bc4 Ra5 25. Nd2 (25. Ne1 $11) 25... Rg5 {Black is more active.} (25... Qb7 $15 26. f3 Qa7) 26. f3 e5 27. Qf2 exd4 28. Qxd4 Qb7 29. h4 Re5 30. b3 Qa8 31. b4 Qe8 32. Kf2 Bb5 33. Bxb5 Qxb5 34. Re1 {Inhibits Qe2+.} Nd7 35. Rxe5 Nxe5 36. Kg1 Qe2 37. Kh2 h5 38. c4 {[#]} (38. Kg1 $1 $11) 38... Nc6 $1 $36 {[%csl LRb4,LRd4][%mdl 2048] White is under strong pressure.} 39. Qc3 Qe7 40. Kh3 {[#]} Ne5 (40... Qe6+ $1 $17 41. Kh2 Qe1) 41. c5 Ng6 {[%csl Gg6][%cal Re7h4]} 42. g3 {This move loses the game for White.} (42. Qd4 $11 {and White stays safe.}) 42... Qe6+ $19 43. g4 $2 (43. Kg2 $19 Qe2+ 44. Kg1) 43... Nf4+ ({Wrong is} 43... Qe1 $2 44. Qd4 $19) 44. Kh2 Qe1 45. Ne4 Qxh4+ {Weighted Error Value: White=0.44/Black=0.15 (very precise)} 0-1

[Event "WALTON 40th BAN-ch U20 Girls 2022"]
[Site "Dhaka"]
[Date "2022.02.18"]
[Round "4.2"]
[White "Jannatul, Ferdous"]
[Black "Nusrat Jahan, Alo"]
[Result "1-0"]
[WhiteElo "1852"]
[BlackElo "1818"]
[Annotator "NA RC"]
[PlyCount "250"]
[EventDate "2022.02.15"]
[EventType "swiss"]
[EventCountry "BAN"]
[SourceTitle "playchess.com"]
[Source "ChessBase"]
[SourceQuality "1"]
[TimeControl "5400+30"]

{[%evp 8,250,14,6,20,-14,-2,-10,-15,-13,-4,-7,0,-8,10,1,2,2,14,16,34,17,27,24,18,29,175,157,173,141,144,150,224,207,233,203,208,194,189,204,231,32767,305,238,347,244,383,240,257,243,400,447,405,390,728,224,948,316,318,247,325,323,32767,295,327,262,251,180,32767,32767,32767,32767,32767,32767,32767,137,145,115,121,121,123,111,93,32767,32767,32767,32767,32767,0,0,95,32767,32767,32767,32767,0,0,32767,93,-207,0,0,68,129,32767,32767,32767,32767,390,448,522,624,526,611,622,435,764,553,702,510,531,685,891,552,939,1241,1290,1989,1430,1471,983,1650,5504,5691,4645,29937,29964,10700,29974,1241,6979,1149,12833,12833,1331,2462,12794,3142,3187,11954,12822,11461,12823,779,4631,1757,27999,27999,6412,11890,27999,0,27999,29975,29952,29937,29965,29965,29963,29971,29972,29970,29971,29971,27999,29975,29975,29976,29977,29977,29985,29981,29984,29983,29983,29984,29984,29985,29986,29987,29988,29987,29987,29984,29984,29984,29984,29979,29979,0,29984,29985,29984,-28000,8,0,8,0,0,0,-28000,0,-28000,-28000,-28000,8,8,-28000,-28000,-28000,93,-28000,-28000,-28000,93,122,27998,27998,27999,29969,29970,27996,27998,29975,27999,29973,29975,29980,29970,29981,29986,29987,27999,29988,27998]} 1. d4 {[%emt 0:02:58]} d5 {[%emt 0:00:11]} 2. Bf4 {[%emt 0:00:18]} Nf6 {[%emt 0:00:09]} 3. e3 {[%emt 0:00:15]} e6 {[%emt 0:00:13]} 4. Nf3 {[%emt 0:00:05]} Bd6 {[%emt 0:00:35]} 5. Bg3 {[%emt 0:00:02]} c5 {[%emt 0:00:31]} 6. c3 {[%emt 0:00:12]} Nc6 {[%emt 0:00:32]} 7. Bd3 {[%emt 0:00:07]} O-O {[%emt 0:00:20]} 8. Nbd2 {[%emt 0:00:20]} b6 {[%emt 0:01:47]} 9. Ne5 {[%emt 0:05:05]} Qc7 {[%emt 0:04:18]} 10. f4 {[%emt 0:01:02]} Ne8 {[%emt 0:10:22]} 11. O-O {[%emt 0:10:54]} f5 {[%emt 0:05:08]} 12. Bh4 {[%emt 0:04:01]} Be7 {[%emt 0:09:57]} 13. Bxe7 {[%emt 0:07:48]} Nxe7 {[%emt 0:00:44]} 14. Rf3 {[%emt 0:01:10]} Nf6 {[%emt 0:05:29]} 15. Rh3 {[%emt 0:01:26]} c4 {[%emt 0:07:24]} 16. Bc2 {[%emt 0:00:57]} Ng6 $2 {[%emt 0:06:13] [#]} (16... h6 $11 {and Black stays safe.}) 17. Nxg6 $1 {[%emt 0:08:08]} hxg6 {[%emt 0:00:36]} 18. Nf3 {[%emt 0:01:03]} Ng4 {[%emt 0:06:10]} 19. Qe2 {[%emt 0:03:13]} Bb7 {[%emt 0:05:27]} (19... Bd7 $142 20. Qe1 Qd8) 20. Rg3 {[%emt 0:03:02]} ({Don't play} 20. Ng5 $6 Qe7 $16) 20... Rf6 {[%emt 0:03:16]} 21. Ne5 {[%emt 0:03:28]} Nh6 {[%emt 0:06:24]} 22. Rxg6 {[%emt 0:01:32]} Rxg6 {[%emt 0:01:05]} 23. Nxg6 {[%emt 0:00:02]} Kh7 {[%emt 0:01:55]} 24. Ne5 {[%emt 0:01:25]} Nf7 {[%emt 0:03:44]} 25. g4 {[%emt 0:16:03]} g6 {[%emt 0:02:59]} 26. gxf5 {[%emt 0:03:19]} exf5 {[%emt 0:01:36]} 27. Qg2 {[%emt 0:07:39]} Nxe5 {[%emt 0:01:13]} 28. fxe5 {[%emt 0:00:02]} ({Don't do} 28. dxe5 Rh8) 28... Qd7 {[%emt 0:01:41]} (28... Rg8 {was necessary.} 29. Rf1 Bc8) 29. Rf1 {[%emt 0:00:38]} Rf8 {[%emt 0:01:22]} 30. Rf4 {[%emt 0:00:29]} Rf7 {[%emt 0:03:02]} (30... Qe7 $142 31. Qg3 Qg7 32. Rh4+ Kg8) 31. Qg5 $2 {[%emt 0:02:39]} (31. Rh4+ Kg8 32. Rh6) 31... Kg8 $2 {[%emt 0:01:49] [#]} (31... Qe7 32. Qg2 Rg7) 32. Kf1 $2 {[%emt 0:01:46]} (32. Bxf5 $1 {[%mdl 512]} Qe8 (32... Qe7 33. Qg4) 33. Kh1) 32... Rg7 {[%emt 0:01:07]} 33. Bd1 {[%emt 0:06:37]} a5 {[%emt 0:02:10]} 34. h4 {[%emt 0:00:18]} Bc8 {[%emt 0:00:47]} 35. Qf6 {[%emt 0:03:37]} b5 {[%emt 0:01:03]} 36. Bc2 {[%emt 0:03:21]} Qe7 {[%emt 0:02:25]} 37. Qxe7 {[%emt 0:01:31]} Rxe7 {[%emt 0:00:01]} 38. Rf2 {[%emt 0:00:33]} Rh7 {[%emt 0:00:28]} 39. Rf4 {[%emt 0:00:38]} b4 {[%emt 0:01:32]} 40. Ba4 {[%emt 0:00:47]} Kf7 {[%emt 0:01:43]} 41. Bc6 {[%emt 0:00:25]} Ke6 {[%emt 0:00:32]} 42. Kg2 {[%emt 0:01:00]} (42. Be8 $18) 42... Bd7 {[%emt 0:00:51] [#]} 43. Bxd7+ $1 {[%emt 0:00:14]} Rxd7 {[%emt 0:00:01]} 44. cxb4 {[%emt 0:01:11]} axb4 {[%emt 0:00:01]} 45. Rf2 {[%emt 0:00:39]} Ra7 {[%emt 0:00:27]} 46. b3 {[%emt 0:00:10]} c3 {[%emt 0:00:44]} 47. Rc2 {[%emt 0:00:46]} Ra8 {[%emt 0:02:13]} 48. Kg3 {[%emt 0:00:02]} Rh8 {[%emt 0:00:48]} 49. Rh2 {[%emt 0:00:44]} Rc8 {[%emt 0:00:05]} 50. Rc2 {[%emt 0:01:49]} Rh8 {[%emt 0:00:04]} 51. Rc1 {[%emt 0:00:00]} Ra8 {[%emt 0:00:21]} 52. Rc2 {[%emt 0:00:00]} Rh8 {[%emt 0:00:04]} (52... Rc8 $11) 53. Rh2 {[%emt 0:00:30] [#]} Rc8 $2 {[%emt 0:00:06]} (53... g5 $1 $19 54. h5 Rc8) 54. Rc2 {[%emt 0:00:26]} Rh8 {[%emt 0:00:04] [#]} (54... Kf7 $11) 55. a3 $1 {[%emt 0:00:49]} bxa3 {[%emt 0:00:20]} 56. Rxc3 {[%emt 0:00:03]} a2 {[%emt 0:00:01]} 57. Rc6+ {[%emt 0:00:04]} Kf7 {[%emt 0:00:52]} 58. Ra6 {[%emt 0:00:02]} Rb8 {[%emt 0:00:11]} 59. Rxa2 {[%emt 0:00:15]} Rxb3 {[%emt 0:00:06]} 60. Kf4 {[%emt 0:00:10]} Rb1 {[%emt 0:05:11]} 61. Ra5 {[%emt 0:00:56]} Rf1+ {[%emt 0:00:00]} 62. Kg3 {[%emt 0:00:17]} Re1 {[%emt 0:00:00]} 63. Kf2 {[%emt 0:00:36]} Rh1 {[%emt 0:00:00]} 64. Rxd5 {[%emt 0:00:21]} Rxh4 {[%emt 0:00:00]} 65. Ra5 {[%emt 0:00:20]} f4 {[%emt 0:00:00]} 66. exf4 {[%emt 0:00:22]} Rxf4+ {[%emt 0:00:00]} 67. Ke3 {[%emt 0:00:01]} g5 {[%emt 0:00:00]} 68. Ra1 {[%emt 0:01:16]} Ke6 {[%emt 0:00:00]} 69. Ra6+ {[%emt 0:00:35]} Kf7 {[%emt 0:00:29]} 70. d5 {[%emt 0:00:45]} Rb4 {[%emt 0:00:40]} 71. Rf6+ {[%emt 0:00:27]} Ke7 {[%emt 0:00:38]} 72. Rg6 {[%emt 0:00:29]} (72. d6+ $142 Kd7 73. Rf7+ Kc6 74. Rc7+ Kb6 75. Rc8 Rb3+ 76. Kd2 Rb2+ 77. Kc1) 72... g4 {[%emt 0:00:03]} 73. Kf2 {[%emt 0:01:14]} (73. d6+ $142 Kf7 74. Rh6 Rb3+ 75. Kf4 Rb4+ 76. Kf5 Rb5 77. Rf6+ Ke8 78. Ke6) 73... Re4 {[%emt 0:00:59]} 74. Rg7+ {[%emt 0:00:47]} (74. d6+ $142 Kd7 75. Rg7+ Ke8 76. Re7+ Kd8 77. Kg3) 74... Kf8 {[%emt 0:00:23]} 75. Rg5 {[%emt 0:00:02]} Ke7 {[%emt 0:02:02]} 76. Kg3 {[%emt 0:00:19]} Kf7 {[%emt 0:00:44]} 77. Kh4 {[%emt 0:01:07]} Kf8 {[%emt 0:01:08]} 78. e6 {[%emt 0:00:59]} Ke7 {[%emt 0:00:21]} 79. Rxg4 {[%emt 0:00:22]} Re5 {[%emt 0:00:33]} 80. Rg5 {[%emt 0:00:17]} (80. Rg7+ $142 Kf6 81. Rf7+ Kg6 82. Rd7 Kf6 83. Kg3 Re4 84. Kf3 Re5 85. Kf4) 80... Re1 {[%emt 0:00:14]} 81. Kh5 {[%emt 0:00:09]} (81. Rg7+ $142 Kf6 82. Rd7) 81... Kd6 {[%emt 0:00:30]} 82. Kg6 {[%emt 0:00:12]} Ke7 {[%emt 0:00:28]} 83. Kg7 {[%emt 0:00:39]} (83. Kh7 $142 Rh1+ 84. Kg8 Kf6 85. Rg7 Re1 86. d6 Rxe6 87. Rf7+ Ke5 88. d7) 83... Rf1 {[%emt 0:00:06]} 84. Kg6 $2 {[%emt 0:00:58]} (84. Kh7 {mates} Kd6 85. Rg7 Kxd5 86. e7 Re1 87. Kg8 Kd4 88. Kf7 Kd3 89. Rg3+ Kd2 90. Rg5) 84... Rf6+ {[%emt 0:00:06]} 85. Kh5 {[%emt 0:00:10]} Kd6 {[%emt 0:00:51]} 86. Kg4 {[%emt 0:00:37]} Rf1 {[%emt 0:00:42]} 87. Rf5 {[%emt 0:00:42]} Rg1+ {[%emt 0:00:12]} 88. Kh5 {[%emt 0:00:21]} Rg8 {[%emt 0:00:16]} 89. Rg5 {[%emt 0:00:21]} Rf8 {[%emt 0:00:12]} 90. Kg6 {[%emt 0:00:04]} Ke7 {[%emt 0:00:10]} 91. Rf5 {[%emt 0:00:58]} Rg8+ {[%emt 0:00:45]} 92. Kh7 {[%emt 0:00:19]} Rg1 {[%emt 0:01:37]} 93. Rf7+ {[%emt 0:00:03]} Ke8 {[%emt 0:00:08]} 94. Rd7 {[%emt 0:00:22]} Rd1 {[%emt 0:02:00]} 95. Kg6 {[%emt 0:00:18]} Rg1+ {[%emt 0:00:09]} 96. Kf6 {[%emt 0:00:03]} Rf1+ {[%emt 0:00:49]} 97. Ke5 {[%emt 0:00:02]} Re1+ {[%emt 0:00:16]} 98. Kd6 {[%emt 0:00:04]} Ra1 {[%emt 0:00:09]} 99. Rc7 {[%emt 0:00:22]} Ra6+ {[%emt 0:00:19]} 100. Rc6 {[%emt 0:00:11]} Ra8 {[%emt 0:00:05]} 101. e7 {[%emt 0:01:00]} Rb8 {[%emt 0:01:13]} 102. Ke6 {[%emt 0:00:13]} Rb6 {[%emt 0:00:04]} 103. Kd6 $2 {[%emt 0:00:39]} (103. Kf5 {mates} Rb1 104. d6 Kd7 105. Rc7+ Kxd6 {[#]} 106. e8=Q $1 {[%mdl 512]} Kxc7 107. Qe5+ Kc8 108. Qc5+ Kb7 109. Qd5+ Kc7 110. Qc4+ Kb6 111. Qd4+ Ka6 112. Qd3+ Rb5+ 113. Ke6) 103... Rb8 {[%emt 0:00:15]} 104. Rc7 {[%emt 0:00:57]} Rb6+ {[%emt 0:00:12]} 105. Ke5 $4 {[%emt 0:00:06]} Re6+ $1 {[%emt 0:00:08]} 106. Kd4 {[%emt 0:02:30]} Rxe7 {[%emt 0:00:08]} 107. Rc1 {[%emt 0:00:43]} Kd7 {[%emt 0:00:45]} 108. Kc5 {[%emt 0:00:17]} (108. Rb1 $5 {[%cal Rd4c5]}) 108... Re8 {[%emt 0:00:36]} 109. Rh1 {[%emt 0:00:42]} Re7 {[%emt 0:00:13]} 110. Rh6 {[%emt 0:00:13]} Rg7 {[%emt 0:00:45]} 111. Rd6+ {[%emt 0:00:19]} Kc7 {[%emt 0:00:16]} 112. Rc6+ {[%emt 0:00:08]} Kd7 {[%emt 0:00:06]} 113. Ra6 $16 {[%emt 0:00:14]} Rg1 {[%emt 0:00:35]} 114. Ra7+ {[%emt 0:00:03]} Kd8 {[%emt 0:00:12]} (114... Ke8 115. Kc6 Rc1+ 116. Kd6) 115. Kc6 {[%emt 0:00:23]} Rc1+ {[%emt 0:02:10]} (115... Rg6+ 116. d6 Ke8 117. Ra8+ Kf7 118. Kc7 Ke6 119. d7 Rg1 120. d8=Q Rc1+ 121. Kb6) 116. Kd6 {[%emt 0:00:07]} Ke8 $4 {[%emt 0:00:09]} (116... Kc8 117. Rh7 Rd1 118. Rh8+ Kb7 119. Rh7+ Kb8 120. Rh8+ Kb7 121. Rh7+ Kc8 122. Rh8+ Kb7) 117. Ra8+ {[%emt 0:00:12]} Kf7 {[%emt 0:00:05]} 118. Kd7 {[%emt 0:00:08]} Rc5 {[%emt 0:01:04]} 119. d6 {[%emt 0:00:22]} Rc1 {[%emt 0:00:08]} 120. Ra2 {[%emt 0:01:45]} Rf1 {[%emt 0:00:20]} 121. Rd2 {[%emt 0:00:53]} Rf3 {[%emt 0:00:29]} 122. Kd8 {[%emt 0:01:14]} Rc3 {[%emt 0:02:25]} 123. d7 {[%emt 0:00:13]} Ke6 {[%emt 0:00:34]} 124. Ke8 {[%emt 0:00:18]} Rh3 {[%emt 0:00:06]} 125. Re2+ {[%emt 0:00:06]} Kd5 {[%emt 0:01:28]} 1-0